00341nam a2200157Ia 4500008004100000082001000041100001600051245001500067250000600082260002500088300000800113600001600121630001500137700001600152730001500168090123s9999 xx 000 0 und d b21720 aDAVID BLOCK aSTAR WATCH a0 bLION LIBRARY EDITION a159 aDAVID BLOCK aSTAR WATCH aDAVID BLOCK aSTAR WATCH